Derecho internacional privado: parte general simplificada
Saved in:
| Hovedforfatter: | |
|---|---|
| Format: | Bog |
| Sprog: | spansk |
| Udgivet: |
Madrid
Universidad Complutense
2004
|
| Udgivelse: | 1a. ed |
| Fag: | |
| Tags: |
Tilføj Tag
Ingen Tags, Vær først til at tagge denne postø!
|
MARC
| LEADER | 00000nam a2200000 a 4500 | ||
|---|---|---|---|
| 001 | UCK7632 | ||
| 003 | CL-VaPUC | ||
| 008 | 051202e20040000SP |||||||||||||||||spa|d | ||
| 020 | |a 848481053X | ||
| 082 | 0 | 4 | |a 340.9 |b ARZ |2 21 |
| 100 | 0 | |a Arzubiaga Rospigliosi, Augusto |e author |9 497148 | |
| 245 | 1 | 0 | |a Derecho internacional privado: parte general simplificada |
| 250 | |a 1a. ed | ||
| 300 | |a 366 p | ||
| 942 | |c BK | ||
| 945 | |d 20051202 00:00:00 |a cmena | ||
| 260 | |a Madrid |b Universidad Complutense |c 2004 | ||
| 650 | 0 | |a Tratados internacionales |9 256056 | |
| 650 | 0 | |a Jurisprudencia |9 255952 | |
| 650 | 0 | |a Derecho comparado |9 255664 | |
| 651 | 0 | |a Perú |9 256567 | |
| 583 | |a last modification |c 20051202 00:00:00 |k Rodrigo Vera | ||
| 999 | |c 315484 |d 315482 | ||
| 952 | |0 0 |1 0 |4 0 |6 340_900000000000000_ARZ_2004 |7 0 |8 A |9 388789 |a BIBDER |b BIBDER |d 2019-11-22 |i 4188764 |o 340.9 ARZ 2004 |p 4188764 |r 2023-01-25 |w 2019-11-22 |y BK |k DER | ||